[Event "Berlin-ch Seniors op 25th"]
[Site "Berlin"]
[Date "2009.02.13"]
[Round "2"]
[White "Bremer, Helmut"]
[Black "Cobanov, Ante"]
[Result "0-1"]
[WhiteElo "1222"]
[BlackElo "1650"]
[PlyCount "72"]
[EventDate "2009.02.12"]
[EventType "swiss"]
[EventRounds "9"]
[EventCountry "GER"]
[SourceTitle "EXT 2022"]
[Source "ChessBase"]
[SourceDate "2021.10.06"]
[SourceVersion "1"]
[SourceVersionDate "2021.10.06"]
[SourceQuality "1"]

1. e4 e5 2. f4 exf4 3. Nf3 Ne7 4. Bc4 Ng6 5. d4 Be7 6. 0-0 d6 7. Qd3 Nc6 8. Bd2 0-0 9. Nc3 Nb4 10. Qe2 Nxc2 11. Rac1 Nb4 12. a3 Nc6 13. Nd5 Bf6 14. Bc3 Bd7 15. Qd2 Re8 16. Rce1 a6 17. Nxf4 Nce7 18. Nh5 Nc6 19. Bd5 Rf8 20. Nxf6+ gxf6 21. Qh6 Rb8 22. Nh4 Nce7 23. Rxf6 Nxd5 24. Rxg6+ fxg6 25. exd5 Qf6 26. Nf3 Qf4 27. Qxf4 Rxf4 28. Bd2 Rff8 29. b4 Rbe8 30. Rc1 c6 31. dxc6 Bxc6 32. Bh6 Rf5 33. Bd2 Re2 34. h3 Rxf3 35. Be1 Rxa3 36. Kh2 Rxg2+ 0-1

[Event "Berlin op 04"]
[Site "Berlin"]
[Date "2006.04.19"]
[Round "5"]
[White "Cobanov, Ante"]
[Black "Kinder, Jan"]
[Result "0-1"]
[WhiteElo "1698"]
[BlackElo "1975"]
[PlyCount "146"]
[EventDate "2006.04.14"]
[EventType "swiss"]
[EventRounds "9"]
[EventCountry "GER"]
[SourceTitle "EXT 2007"]
[Source "ChessBase"]
[SourceDate "2006.11.23"]
[SourceVersion "1"]
[SourceVersionDate "2006.11.23"]
[SourceQuality "1"]

1. c4 Nf6 2. Nc3 g6 3. d4 Bg7 4. e4 d6 5. Be3 0-0 6. Be2 e5 7. d5 c6 8. Bf3 cxd5 9. cxd5 Ne8 10. Nge2 f5 11. g3 Nd7 12. exf5 gxf5 13. Qd2 Nb6 14. b3 Qf6 15. Bg5 Qf7 16. Bg2 Bd7 17. Bh6 f4 18. Bxg7 Nxg7 19. gxf4 exf4 20. Bf3 Qf6 21. 0-0-0 Rac8 22. Kb2 a5 23. Qd4 Na8 24. Rhg1 Kh8 25. Rg2 Nf5 26. Qxf6+ Rxf6 27. Rg5 h6 28. Rg4 Ne7 29. Rxf4 Rxf4 30. Nxf4 Rf8 31. Rd4 Nc7 32. Bh5 Kg7 33. Be2 b5 34. a3 Kf6 35. Nd3 Bf5 36. Rh4 Bxd3 37. Bxd3 Kg5 38. Re4 Rxf2+ 39. Re2 Rxe2+ 40. Bxe2 b4 41. Ne4+ Kf4 42. Nxd6 Ncxd5 43. Nc4 Nc6 44. Bh5 Nf6 45. Bd1 Ng4 46. h4 h5 47. Nd6 Kg3 48. Nf5+ Kh3 49. axb4 axb4 50. Kc1 Nce5 51. Kd2 Ng6 52. Ke1 Nxh4 53. Ng7 Ng2+ 54. Ke2 h4 55. Nf5 Nf4+ 56. Kf3 Ne6 57. Be2 Nh2+ 58. Kf2 Nc5 59. Bc4 Kg4 60. Ne3+ Kg5 61. Nc2 Ng4+ 62. Kg2 Ne4 63. Nxb4 Nef2 64. Kg1 h3 65. Bd5 Kf4 66. Bb7 Kg3 67. Nc2 h2+ 68. Kf1 Nd1 69. Ke2 Nc3+ 70. Kf1 Nf2 71. Bg2 Nb1 72. Bb7 Nd2+ 73. Ke2 Nde4 0-1